|
|
|
|
| LEADER |
01394cam a2200457 i 4500 |
| 001 |
nkc20142574071 |
| 003 |
CZ PrNK |
| 005 |
20160122085058.0 |
| 007 |
ta |
| 008 |
140324s2013 xr e 000 0 cze |
| 015 |
|
|
|a cnb002574071
|
| 020 |
|
|
|a 978-80-7277-512-5
|q (brož.) :
|c Kč 149,00
|
| 035 |
|
|
|a (OCoLC)876343422
|
| 040 |
|
|
|a BOA001
|b cze
|d OLA001
|
| 041 |
0 |
|
|a cze
|b eng
|
| 043 |
|
|
|a f-sq---
|
| 072 |
|
7 |
|a 94(6)
|x Dějiny Afriky
|2 Konspekt
|9 8
|
| 080 |
|
|
|a 94(688.7)
|2 MRF
|
| 080 |
|
|
|a (048.8)
|2 MRF
|
| 100 |
1 |
|
|a Piknerová, Linda,
|d 1983-
|7 xx0108506
|4 aut
|
| 245 |
1 |
0 |
|a Svazijsko /
|c Linda Piknerová
|
| 250 |
|
|
|a 1. vyd.
|
| 260 |
|
|
|a Praha :
|b Libri,
|c 2013
|
| 300 |
|
|
|a 106 s. ;
|c 19 cm
|
| 490 |
1 |
|
|a Stručná historie států ;
|v sv. č. 86
|
| 500 |
|
|
|a Vydáno ve spolupráci s pro.libri
|
| 500 |
|
|
|a Chronologický přehled
|
| 500 |
|
|
|a 400 výt.
|
| 504 |
|
|
|a Obsahuje bibliografii
|
| 546 |
|
|
|a Anglické resumé
|
| 655 |
|
7 |
|a přehledy
|7 fd133202
|2 czenas
|
| 655 |
|
9 |
|a surveys
|2 eczenas
|
| 651 |
|
7 |
|a Svazijsko
|7 ge130988
|x dějiny
|2 czenas
|
| 651 |
|
9 |
|a Swaziland
|x history
|2 eczenas
|
| 830 |
|
0 |
|a Stručná historie států
|0 s
|
| 910 |
2 |
|
|a BOA001
|b 1-1323.454
|
| 928 |
9 |
|
|a pro.libri
|
| 990 |
|
|
|a BK
|
| 995 |
|
|
|a 01
|
| 991 |
|
|
|b 201403
|c NOV
|e n
|
| 996 |
6 |
|
|b 2610585499
|c 1-1323.454
|l MZK
|r Sklad / do 1 hodiny
|n 0
|p p.v.
|w 001409753
|u 000010
|a 1
|e BOA001
|j MZK50
|s P
|